000 00469nam a2200181Ia 4500
008 131103s9999 xx 000 0 und d
040 _aLoreto College
041 _aEnglish
082 _a822.33/DEA
_bLCBED/13172
100 _aDeary, Terry
245 _aShakespeare stories
_cTerry Deary
260 _aNew York
_bScholastic
_c1999
300 _a192p.
_b ill.
_c 20cm.
440 _aTop . ten
650 _aEnglish drama
850 _aLCBED/822.33/DEA
942 _cBK
999 _c29781
_d80260